Normal view MARC view
  • Aoe, Jun-ichi,

Entry Personal Name

Number of records used in: 3

001 - CONTROL NUMBER

  • control field: 96205

003 - CONTROL NUMBER IDENTIFIER

  • control field: NUST

005 - DATE AND TIME OF LATEST TRANSACTION

  • control field: 20220802093246.0

008 - FIXED-LENGTH DATA ELEMENTS

  • fixed length control field: 220802|| aca||aabn | a|a d

040 ## - CATALOGING SOURCE

  • Original cataloging agency: NUST
  • Transcribing agency: NUST

100 ## - HEADING--PERSONAL NAME

  • Personal name: Aoe, Jun-ichi,
  • Dates associated with a name: 1951-

670 ## - SOURCE DATA FOUND

  • Source citation: Work cat.: (NUST)176491: Computer algorithms :, c1994.
© 2023 Central Library, National University of Sciences and Technology. All Rights Reserved.